| 000 | 00342nam a2200133Ia 4500 | ||
|---|---|---|---|
| 008 | 191201s2009 xx 000 0 und d | ||
| 100 | _aVERMA,Animesh | ||
| 245 | 0 | _aLove Life and Dream on an IITians Story of Romance | |
| 250 | _a6th IMP | ||
| 260 |
_aN. Delhi _bSrishti Publishers _c2009 |
||
| 300 | _a185 | ||
| 650 | _aBBA | ||
| 942 |
_2ddc _cBK |
||
| 999 |
_c4480 _d4480 |
||